[Event "WY Boys-U16"]
[Site "Porto Carras GRE"]
[Date "2010.10.28"]
[Round "9.11"]
[White "Ochsner, Bjorn Moller"]
[Black "Pardo Simon, David"]
[Result "0-1"]
[BlackTitle "FM"]
[WhiteElo "2195"]
[BlackElo "2336"]
[WhiteFideId "1416928"]
[BlackFideId "2296276"]
[EventDate "2010.10.20"]

1. e4 e5 2. Nf3 Nc6 3. Bb5 f5 4. d3 Nf6 5. O-O Be7 6. Nc3 d6 7. h3 O-O 8. Bc4+
Kh8 9. Ng5 Qe8 10. exf5 Bxf5 11. Be6 Bg6 12. Be3 h6 13. Nge4 Nd4 14. Bb3 Nxb3
15. axb3 a6 16. Nxf6 Bxf6 17. f4 exf4 18. Bxf4 Qd7 19. Kh1 Rf7 20. Be3 Raf8 21.
Qe2 Qc6 22. Qg4 Kh7 23. Bd2 d5 24. Qa4 Qd6 25. Qa3 c5 26. Qa4 Bxc3 27. Rxf7 Bxd2
28. Rxb7 Rf2 29. Qg4 Qf6 30. Qd1 Be3 31. Qe1 Qg5 32. g4 Qf4 33. Ra4 Qh2# 0-1

[Event "WY Boys-U16"]
[Site "Porto Carras GRE"]
[Date "2010.10.28"]
[Round "9.12"]
[White "Straka, Josef Jr."]
[Black "Ten Hertog, Hugo"]
[Result "1/2-1/2"]
[WhiteTitle "FM"]
[WhiteElo "2307"]
[BlackElo "2208"]
[WhiteFideId "14910560"]
[BlackFideId "1026356"]
[EventDate "2010.10.20"]

1. e4 c5 2. Nf3 d6 3. d4 cxd4 4. Nxd4 Nf6 5. Nc3 a6 6. h3 e6 7. g4 d5 8. exd5
Nxd5 9. Nde2 Bb4 10. Bd2 Nxc3 11. Nxc3 Bd7 12. Ne4 Qb6 13. Bg2 O-O 14. c3 Be7
15. Qc2 Bc6 16. Be3 Qc7 17. O-O f5 18. gxf5 exf5 19. Ng5 Bxg5 20. Bxg5 Nd7 21.
Rad1 Bxg2 22. Kxg2 Qc6+ 23. f3 Rae8 24. Bf4 Rf6 25. Qb3+ Kh8 26. Qd5 Rg6+ 27.
Kh1 Qxd5 28. Rxd5 Nf6 29. Re5 Rd8 30. Rxf5 Rd3 31. h4 h5 32. Bg5 Nh7 33. Bf4 Nf6
34. Rg5 Rxg5 35. Bxg5 Nd5 36. Kh2 Ne3 37. Re1 Nc4 38. b3 Nd2 39. Bxd2 Rxd2+ 40.
Kg3 Rxa2 41. Re7 1/2-1/2

[Event "WY Boys-U16"]
[Site "Porto Carras GRE"]
[Date "2010.10.28"]
[Round "9.13"]
[White "Topak, Engin"]
[Black "Donskov, Anatoly"]
[Result "1/2-1/2"]
[WhiteElo "2214"]
[BlackElo "2280"]
[WhiteFideId "6300324"]
[BlackFideId "24143413"]
[EventDate "2010.10.20"]

1. d4 e6 2. Nf3 f5 3. g3 Nf6 4. Bg2 d5 5. b3 Bd6 6. Ba3 O-O 7. O-O Qe7 8. Bxd6
cxd6 9. c4 Bd7 10. Nc3 Bc6 11. Rc1 Na6 12. Qd2 Nc7 13. Ne1 Rad8 14. Nd3 dxc4 15.
Bxc6 bxc6 16. bxc4 e5 17. Nb4 Qe8 18. d5 c5 19. Nc6 Rd7 20. f4 e4 21. e3 a6 22.
Rb1 Qh5 23. Kg2 g5 24. Ne2 Ng4 25. h3 Nf6 26. fxg5 Qxg5 27. Nf4 Rg7 28. Qf2 Kh8
29. Rb8 Nfe8 30. Kh2 Rfg8 31. Rg1 h5 32. Nd8 Qh6 33. Nde6 Rf7 34. Nxc7 Nxc7 35.
Rxg8+ Kxg8 36. Qe2 Rh7 37. Rb1 h4 38. Rb8+ Kf7 39. g4 Qf6 40. Rc8 Ne8 41. gxf5
Qxf5 42. Qg4 Qxg4 43. hxg4 Rh8 44. Ne6 Rg8 45. g5 Kg6 46. Kh3 Nf6 47. Rxg8+ Nxg8
48. Kxh4 Ne7 49. Nf4+ Kg7 50. Kg4 Nc8 51. Kf5 Nb6 52. Nh5+ Kf8 53. Kxe4 Nxc4 54.
Nf4 Kf7 55. Ne6 Kg6 56. Kf4 Nb2 57. Nxc5 dxc5 58. d6 Nd3+ 59. Ke4 Nb4 60. d7 Nc6
61. Kd5 Nd8 62. Kxc5 Kxg5 63. Kb6 Kf6 64. Kxa6 Ke6 65. Kb6 Kxd7 66. a4 Kc8 67.
a5 Nb7 68. a6 Kb8 1/2-1/2

[Event "WY Boys-U16"]
[Site "Porto Carras GRE"]
[Date "2010.10.28"]
[Round "9.14"]
[White "Srbis, Jurica"]
[Black "Igambergenov, Alibek"]
[Result "1-0"]
[WhiteElo "2277"]
[BlackElo "2195"]
[WhiteFideId "14515555"]
[BlackFideId "13703404"]
[EventDate "2010.10.20"]

1. e4 e6 2. d4 d5 3. Nc3 Nf6 4. Bg5 Be7 5. e5 Nfd7 6. h4 a6 7. Qg4 Bxg5 8. hxg5
c5 9. g6 f5 10. Qf4 h6 11. Nf3 Nc6 12. O-O-O cxd4 13. Nxd4 Nxd4 14. Qxd4 Nf8 15.
g4 Nxg6 16. gxf5 Qg5+ 17. Kb1 Qxf5 18. Rg1 Qf7 19. Ne4 O-O 20. Nd6 Qf3 21. Rxg6
Rf4 22. Qd3 Qh5 23. Be2 Qxe5 24. Rdg1 Qxd6 25. Rxg7+ Kf8 26. Qh7 Ke8 27. Rg8+
Rf8 28. Rxf8+ Qxf8 29. Rg8 1-0

[Event "WY Boys-U16"]
[Site "Porto Carras GRE"]
[Date "2010.10.28"]
[Round "9.15"]
[White "Kosmas-Lekkas, Dimitiros"]
[Black "De Filomeno, Simone"]
[Result "1-0"]
[WhiteElo "2137"]
[BlackElo "2275"]
[WhiteFideId "4211936"]
[BlackFideId "828688"]
[EventDate "2010.10.20"]

1. d4 d5 2. c4 c6 3. Nf3 Nf6 4. e3 e6 5. b3 Nbd7 6. Bd3 Bd6 7. Bb2 Qc7 8. Nc3
O-O 9. O-O Rd8 10. Qe2 h6 11. Rad1 b6 12. e4 dxe4 13. Nxe4 Nxe4 14. Qxe4 Nf6 15.
Qh4 Be7 16. Ne5 c5 17. dxc5 bxc5 18. Ng4 Ne8 19. Nxh6+ gxh6 20. Qxh6 f5 21. Qh8+
Kf7 22. Be2 Bd6 23. Rxd6 Qxd6 24. Bh5+ 1-0

[Event "WY Boys-U16"]
[Site "Porto Carras GRE"]
[Date "2010.10.28"]
[Round "9.16"]
[White "Ben Artzi, Ido"]
[Black "Juhasz, Kristof"]
[Result "1/2-1/2"]
[WhiteElo "2183"]
[BlackElo "2268"]
[WhiteFideId "2810913"]
[BlackFideId "738808"]
[EventDate "2010.10.20"]

1. d4 d5 2. c4 dxc4 3. e3 e5 4. Bxc4 exd4 5. exd4 Nf6 6. Nf3 Bd6 7. O-O O-O 8.
h3 h6 9. Nc3 Nc6 10. Re1 Bf5 11. a3 a6 12. b4 Qd7 13. Ne5 Bxe5 14. dxe5 Qxd1 15.
Nxd1 Nd7 16. Bb2 Nb6 17. Bb3 Rad8 18. Ne3 Be6 19. Bc2 Nd4 20. Bxd4 Rxd4 21. Rad1
Rfd8 22. f4 Nc4 23. Rxd4 Rxd4 24. f5 Bd5 25. Nxd5 Rxd5 26. e6 fxe6 27. Bb3 Re5
28. Rxe5 Nxe5 29. Bxe6+ Nf7 30. Kf2 1/2-1/2

[Event "WY Boys-U16"]
[Site "Porto Carras GRE"]
[Date "2010.10.29"]
[Round "10.1"]
[White "Dragun, Kamil"]
[Black "Bukavshin, Ivan"]
[Result "0-1"]
[WhiteTitle "FM"]
[BlackTitle "FM"]
[WhiteElo "2392"]
[BlackElo "2430"]
[WhiteFideId "1134167"]
[BlackFideId "4199758"]
[EventDate "2010.10.20"]

1. e4 c5 2. Nf3 e6 3. d4 cxd4 4. Nxd4 a6 5. Bd3 Bc5 6. Nb3 Be7 7. O-O d6 8. Qe2
Nd7 9. Nc3 Qc7 10. Bd2 Ngf6 11. Rae1 b5 12. f4 b4 13. Nd1 Bb7 14. Nf2 a5 15. Nd4
O-O 16. e5 dxe5 17. fxe5 Nd5 18. Qh5 g6 19. Qh3 Nxe5 20. Nxe6 fxe6 21. Qxe6+ Nf7
22. Bxg6 Ra6 23. Bxf7+ Rxf7 24. Qh3 Qxc2 25. Be3 Nxe3 26. Rxe3 Rg6 0-1

[Event "WY Boys-U16"]
[Site "Porto Carras GRE"]
[Date "2010.10.29"]
[Round "10.2"]
[White "Krzyzanowski, Marcin"]
[Black "Sadzikowski, Daniel"]
[Result "0-1"]
[WhiteElo "2356"]
[BlackElo "2351"]
[WhiteFideId "1132199"]
[BlackFideId "1132253"]
[EventDate "2010.10.20"]

1. Nf3 Nf6 2. c4 c6 3. d4 d5 4. Nc3 dxc4 5. a4 Bf5 6. Ne5 Nbd7 7. Nxc4 Qc7 8. g3
e5 9. dxe5 Nxe5 10. Bf4 Nfd7 11. Bg2 g5 12. Ne3 gxf4 13. Nxf5 O-O-O 14. O-O fxg3
15. hxg3 Nc5 16. Qc2 a5 17. Ne4 Nxe4 18. Qxe4 h5 19. Rac1 Bb4 20. Rc2 Kb8 21.
Rfc1 Rd2 22. Rxd2 Bxd2 23. Rc5 f6 24. e3 Bb4 25. Rc1 Qd7 26. Nd4 Qg4 27. f4 Bd2
28. Rf1 h4 29. fxe5 Qxe4 30. Bxe4 Bxe3+ 31. Kg2 Bxd4 32. exf6 hxg3 33. f7 Rf8
34. Kxg3 Bxb2 35. Kg4 Kc7 36. Bg6 Ba3 37. Ra1 Bb4 38. Kg5 Bd2+ 39. Kf5 b5 40.
axb5 cxb5 41. Rd1 Bb4 42. Ke6 Rb8 43. Rc1+ Kb6 44. Kd7 a4 45. Rc6+ Ka7 46. Bd3
Bf8 47. Rc7+ Kb6 48. Rc6+ Ka7 49. Rc7+ Ka6 50. Rc6+ Ka5 51. Re6 Rb7+ 52. Ke8 Bc5
53. Re5 Bb4 54. Be4 Rb8+ 55. Kd7 a3 56. Re8 Rb6 57. f8=Q Bxf8 58. Rxf8 a2 59.
Rf1 b4 60. Kc7 b3 61. Bd5 Rb5 62. Bg8 Kb4 63. Kc6 Rb8 64. Bd5 Ka3 65. Kc5 Rc8+
66. Kb5 Rc3 67. Rg1 b2 68. Bxa2 Kxa2 69. Kb4 Rh3 70. Rg2 Ka1 0-1

[Event "WY Boys-U16"]
[Site "Porto Carras GRE"]
[Date "2010.10.29"]
[Round "10.3"]
[White "Lagarde, Maxime"]
[Black "Cori, Jorge"]
[Result "1-0"]
[WhiteTitle "FM"]
[BlackTitle "GM"]
[WhiteElo "2433"]
[BlackElo "2496"]
[WhiteFideId "662399"]
[BlackFideId "3802272"]
[EventDate "2010.10.20"]

1. c4 Nf6 2. Nc3 d6 3. d4 g6 4. e4 Bg7 5. f3 e5 6. Nge2 Nc6 7. d5 Ne7 8. Bg5 Nd7
9. Qd2 f6 10. Be3 f5 11. g4 fxg4 12. fxg4 Nb6 13. Ng3 Bxg4 14. Be2 Bxe2 15. Qxe2
Nd7 16. O-O-O Nf6 17. Rhg1 Qd7 18. Kb1 O-O 19. c5 a6 20. Rg2 Rf7 21. h4 h5 22.
cxd6 cxd6 23. Bg5 Ng4 24. Nf1 Raf8 25. Ne3 Nf2 26. Bxe7 Qxe7 27. Nf5 gxf5 28.
Rxf2 Qxh4 29. Rg1 fxe4 30. Rfg2 e3 31. a3 Kh8 32. Rh2 Rf1+ 33. Ka2 Qf6 34. Qxh5+
Kg8 35. Rg6 1-0

[Event "WY Boys-U16"]
[Site "Porto Carras GRE"]
[Date "2010.10.29"]
[Round "10.4"]
[White "Bok, Benjamin"]
[Black "Savitskiy, Sergey"]
[Result "1/2-1/2"]
[WhiteTitle "IM"]
[WhiteElo "2453"]
[BlackElo "2373"]
[WhiteFideId "1017063"]
[BlackFideId "24105660"]
[EventDate "2010.10.20"]

1. e4 e5 2. Nc3 Nf6 3. g3 d5 4. exd5 Nxd5 5. Bg2 Nxc3 6. bxc3 Nc6 7. Nf3 Bc5 8.
O-O O-O 9. d3 Bg4 10. h3 Bh5 11. Rb1 f5 12. Qe1 Qd6 13. Nd2 Bf7 14. Nb3 Bb6 15.
c4 Rae8 16. Qc3 Nd4 17. Re1 Nxb3 18. Rxb3 Bd4 19. Qd2 b6 20. Ba3 Bc5 21. Bxc5
Qxc5 22. Rb5 Qd6 23. Qc3 c5 24. a4 e4 25. dxe4 fxe4 26. Bxe4 Qf6 27. Rb3 Kh8 28.
Qxf6 gxf6 29. Rbe3 Bxc4 30. Bc6 Rxe3 31. Rxe3 Rc8 32. Bb5 Bxb5 33. axb5 Rc7 34.
c4 Kg7 35. Kg2 Rd7 36. g4 Kg6 37. Re4 h5 38. Kg3 hxg4 39. hxg4 Rd3+ 40. f3 Rc3
41. Kf4 Kf7 42. Kg3 Kg6 43. Kf2 Rc2+ 44. Ke3 Rc3+ 45. Ke2 Kg5 46. Kf2 1/2-1/2

[Event "WY Boys-U16"]
[Site "Porto Carras GRE"]
[Date "2010.10.29"]
[Round "10.6"]
[White "Abasov, Nijat Azad Oglu"]
[Black "Zhou, Yang-Fan"]
[Result "1/2-1/2"]
[WhiteTitle "IM"]
[BlackTitle "FM"]
[WhiteElo "2517"]
[BlackElo "2320"]
[WhiteFideId "13402960"]
[BlackFideId "468584"]
[EventDate "2010.10.20"]

1. d4 Nf6 2. c4 g6 3. Nc3 Bg7 4. e4 O-O 5. f4 d6 6. Nf3 c5 7. dxc5 dxc5 8. Qxd8
Rxd8 9. e5 Ne8 10. Be3 b6 11. Be2 Nc6 12. Rd1 Bb7 13. Kf2 f6 14. exf6 Nxf6 15.
h3 Nd4 16. Bd3 Nxf3 17. gxf3 e6 18. Nb5 Ne8 19. Bc1 a6 20. Nc3 Bd4+ 21. Be3 Nf6
22. Rhg1 Kf7 23. Na4 Bc6 24. Nc3 Rd7 25. Bxd4 Rxd4 26. Ne2 Rd7 27. Bc2 Rad8 28.
Rxd7+ Rxd7 29. Ke3 b5 30. Rg5 bxc4 31. Rxc5 Bd5 32. Nc3 Rb7 33. Na4 Nd7 34. Ra5
Nb8 35. Be4 Bxe4 36. fxe4 Rb4 37. h4 Ke7 38. Kf3 Kd6 39. e5+ Kc6 40. a3 Rb5 41.
Rxb5 axb5 42. Nc3 Na6 43. Ke3 Nc5 44. Ne2 Nb3 45. Nc3 Nc5 46. Ne2 Nb3 1/2-1/2

[Event "WY Boys-U16"]
[Site "Porto Carras GRE"]
[Date "2010.10.29"]
[Round "10.7"]
[White "Sapozhnikov, Roman"]
[Black "Predke, Alexandr"]
[Result "0-1"]
[WhiteElo "2226"]
[BlackElo "2436"]
[WhiteFideId "2601842"]
[BlackFideId "24107581"]
[EventDate "2010.10.20"]

1. e4 e5 2. Nf3 Nc6 3. d4 exd4 4. Nxd4 Nf6 5. Nxc6 bxc6 6. e5 Qe7 7. Qe2 Nd5 8.
c4 Ba6 9. Nd2 O-O-O 10. Qe4 Nb6 11. b3 f6 12. Bb2 fxe5 13. O-O-O Re8 14. Bd3 d5
15. cxd5 Bxd3 16. Qxd3 cxd5 17. Qa6+ Kb8 18. a4 Qb4 19. Kb1 Bd6 20. Ka2 Nd7 21.
Qd3 Qb7 22. f3 Ka8 23. Rhe1 Rb8 24. Qc2 h6 25. Nf1 Rhf8 26. Ne3 c6 27. Rc1 c5
28. Rcd1 c4 29. bxc4 d4 30. Ng4 Rfc8 31. Rb1 Qa6 32. Ba3 Bxa3 33. Kxa3 Qd6+ 34.
Ka2 d3 35. Qc3 Qa6 36. Qxd3 Qxa4+ 37. Qa3 Qxc4+ 38. Ka1 Qd4+ 39. Rb2 Rc2 40. Re4
Rc1+ 41. Ka2 Qd5+ 42. Rb3 Rc2+ 0-1

[Event "WY Boys-U16"]
[Site "Porto Carras GRE"]
[Date "2010.10.29"]
[Round "10.8"]
[White "Anton Guijarro, David"]
[Black "Srbis, Jurica"]
[Result "1/2-1/2"]
[WhiteTitle "FM"]
[WhiteElo "2403"]
[BlackElo "2277"]
[WhiteFideId "2285525"]
[BlackFideId "14515555"]
[EventDate "2010.10.20"]

1. d4 Nf6 2. c4 e6 3. Nf3 c5 4. d5 exd5 5. cxd5 d6 6. e4 g6 7. h3 Bg7 8. Bd3 O-O
9. O-O c4 10. Bc2 b5 11. Nd4 Bd7 12. Be3 Re8 13. Nd2 Na6 14. a4 bxa4 15. Bxa4
Nb4 16. Qf3 Nd3 17. Nxc4 Nxe4 18. Bc6 Bxc6 19. Nxc6 Qh4 20. Ra4 Qf6 21. Qxf6
Bxf6 22. b4 Nc3 23. Ra5 Nxb4 24. Nxd6 Nxc6 25. dxc6 Re6 26. Bc5 Be7 27. Nb7 Rxc6
28. Bxe7 Rc7 29. Bc5 Rxb7 30. Rfa1 1/2-1/2

[Event "WY Boys-U16"]
[Site "Porto Carras GRE"]
[Date "2010.10.29"]
[Round "10.9"]
[White "Andersen, Mads"]
[Black "Gabuzyan, Hovhannes"]
[Result "1-0"]
[WhiteTitle "FM"]
[WhiteElo "2385"]
[BlackElo "2261"]
[WhiteFideId "1413864"]
[BlackFideId "13303732"]
[EventDate "2010.10.20"]

1. d4 Nf6 2. c4 g6 3. Nc3 Bg7 4. e4 O-O 5. Nf3 c5 6. d5 d6 7. Be2 e6 8. O-O exd5
9. exd5 Re8 10. Bf4 Ne4 11. Nxe4 Rxe4 12. Bg5 Bf6 13. Bd3 Re8 14. Qd2 Bxg5 15.
Nxg5 f6 16. Ne6 Bxe6 17. dxe6 Nc6 18. Be4 Kg7 19. Bd5 Rb8 20. Rfe1 Nd4 21. Re3
f5 22. Rae1 Qe7 23. b4 b5 24. cxb5 Rxb5 25. bxc5 dxc5 26. Qc3 Reb8 27. Re5 Rb1
28. Bb3 Rxe1+ 29. Rxe1 f4 30. Kf1 Rc8 31. Bc4 f3 32. gxf3 Qh4 33. Kg2 Rf8 34.
Re4 Qg5+ 35. Rg4 Qe5 36. Re4 Qg5+ 37. Rg4 Qe5 38. Rg3 Qf6 39. Qa3 Nf5 40. Qxa7+
Kh8 41. Qxc5 Nxg3 42. hxg3 Qxf3+ 43. Kg1 Qd1+ 44. Bf1 Re8 45. Kg2 Qe1 46. Qd4+
Kg8 47. Bc4 h5 48. Bd5 Qa5 49. Bc6 Qxa2 50. Bxe8 Qa8+ 51. Kh2 Qxe8 52. Qf6 h4
53. gxh4 Qb8+ 54. Kh3 Qb3+ 55. f3 Qb1 56. Qf7+ Kh8 57. Qe8+ Kg7 58. Qe7+ Kh6 59.
Qg5+ Kh7 60. Qe3 Qc2 61. e7 Qc8+ 62. Kg3 Qe8 63. f4 Kg7 64. Qe6 Kh7 65. Kg4 Kg7
66. Kg5 Kh7 67. f5 gxf5 68. Qh6+ Kg8 69. Qg6+ 1-0

[Event "WY Boys-U16"]
[Site "Porto Carras GRE"]
[Date "2010.10.29"]
[Round "10.11"]
[White "Kosmas-Lekkas, Dimitiros"]
[Black "Straka, Josef Jr."]
[Result "1/2-1/2"]
[BlackTitle "FM"]
[WhiteElo "2137"]
[BlackElo "2307"]
[WhiteFideId "4211936"]
[BlackFideId "14910560"]
[EventDate "2010.10.20"]

1. d4 Nf6 2. c4 e6 3. Nc3 Bb4 4. Qc2 O-O 5. a3 Bxc3+ 6. Qxc3 d5 7. cxd5 Ne4 8.
Qc2 exd5 9. e3 Bf5 10. Bd3 Bg6 11. Ne2 Nd6 12. Bxg6 hxg6 13. Bd2 Nd7 14. Bb4 Nf6
15. Ng3 Re8 16. Bxd6 Qxd6 17. O-O c6 18. b4 Nd7 19. Rfc1 Nb6 20. Qc5 Qd7 21. a4
Nc4 22. b5 f5 23. Nf1 g5 24. bxc6 bxc6 25. Ra2 f4 26. Nd2 Nxd2 27. Rxd2 fxe3 28.
fxe3 Rac8 29. Qa3 Re4 30. Rdc2 Qe6 31. Rc3 g4 32. Rf1 Kh7 33. Qc1 Kg8 34. Kh1
Qh6 35. Kg1 Re6 36. Rf4 Rce8 37. Rf1 Qg6 38. Rf4 Rb8 39. Rf1 g3 40. hxg3 Qxg3
41. Rxc6 Rxc6 42. Qxc6 Qxe3+ 1/2-1/2

[Event "WY Boys-U16"]
[Site "Porto Carras GRE"]
[Date "2010.10.29"]
[Round "10.14"]
[White "Donskov, Anatoly"]
[Black "Ben Artzi, Ido"]
[Result "1-0"]
[WhiteElo "2280"]
[BlackElo "2183"]
[WhiteFideId "24143413"]
[BlackFideId "2810913"]
[EventDate "2010.10.20"]

1. e4 d6 2. d4 Nf6 3. Nc3 g6 4. f4 Bg7 5. Nf3 O-O 6. Bd3 Na6 7. O-O c5 8. d5 Rb8
9. Qe2 Nc7 10. a4 Re8 11. Bc4 a6 12. a5 e6 13. dxe6 Bxe6 14. Bxe6 Nxe6 15. Rd1
Qe7 16. e5 Nd4 17. Nxd4 cxd4 18. exf6 Qxf6 19. Ne4 Qf5 20. Nxd6 Rxe2 21. Nxf5
gxf5 22. Bd2 Rc8 23. Kf1 Re6 24. Rac1 Rec6 25. Ke2 Rxc2 26. Kd3 R2c6 27. Rxc6
bxc6 28. Rc1 Kf8 29. Bb4+ Ke8 30. Re1+ Kd8 31. Bc5 Rb8 32. b4 Bf6 33. Kc4 Kd7
34. Re2 h6 35. Kd3 h5 36. g3 Kc7 37. Kc4 Kd7 38. Rd2 Re8 39. Bxd4 Re4 40. Kc5
Bxd4+ 41. Rxd4+ Rxd4 42. Kxd4 Kd6 43. Kc4 f6 44. Kd4 Kd7 45. Kc5 Kc7 46. h3 Kd7
47. Kb6 1-0

[Event "WY Boys-U16"]
[Site "Porto Carras GRE"]
[Date "2010.10.29"]
[Round "10.15"]
[White "Juhasz, Kristof"]
[Black "Volkov, Nika"]
[Result "0-1"]
[WhiteElo "2268"]
[BlackElo "2159"]
[WhiteFideId "738808"]
[BlackFideId "13604376"]
[EventDate "2010.10.20"]

1. Nf3 Nf6 2. c4 e6 3. Nc3 c5 4. g3 d5 5. cxd5 Nxd5 6. Bg2 Be7 7. d4 O-O 8. O-O
Nc6 9. e4 Nb6 10. dxc5 Bxc5 11. a3 a5 12. Qe2 a4 13. e5 Ne7 14. Ne4 Nd7 15. Bg5
h6 16. Bh4 b6 17. Rfd1 Qe8 18. Qd2 Nf5 19. Rac1 Ra7 20. Nxc5 Nxc5 21. Qb4 Nd7
22. Rc4 Ba6 23. Rg4 Be2 24. Re1 Bxf3 25. Bxf3 Qb8 26. Bf6 Kh7 27. Bxg7 Nxg7 28.
Rxg7+ Kxg7 29. Qg4+ Kh8 30. Qh5 Rc8 31. Qxh6+ Kg8 32. Re4 Nxe5 33. Rf4 Nxf3+ 34.
Rxf3 Qe5 35. Rf4 Qg7 36. Qh5 f5 37. Rh4 Rd7 38. Rxa4 Qh7 39. Qg5+ Rg7 40. Qe3
Rg6 41. Qxb6 Qd7 42. Ra7 Rc1+ 43. Kg2 Qd5+ 44. f3 Rc2+ 0-1

[Event "WY Boys-U16"]
[Site "Porto Carras GRE"]
[Date "2010.10.29"]
[Round "10.16"]
[White "Ten Hertog, Hugo"]
[Black "Meskovs, Nikita"]
[Result "1-0"]
[WhiteElo "2208"]
[BlackElo "2263"]
[WhiteFideId "1026356"]
[BlackFideId "11602740"]
[EventDate "2010.10.20"]

1. e4 c5 2. Nf3 e6 3. d4 cxd4 4. Nxd4 a6 5. Nc3 Qc7 6. Bd3 Nf6 7. O-O b5 8. e5
Qxe5 9. Qf3 Ra7 10. Bf4 Qxd4 11. Be3 Qd6 12. Bxa7 Nc6 13. Be3 Qc7 14. Bf4 d6 15.
Rad1 Bb7 16. Qh3 Be7 17. Rfe1 Ne5 18. Bxe5 dxe5 19. Qg3 O-O 20. Qxe5 Qb6 21. Qe2
Bc5 22. Rd2 Bb4 23. a3 Bxc3 24. bxc3 Qc6 25. Qf3 Qc7 26. Qg3 Qc5 27. a4 bxa4 28.
c4 Bc6 29. Rdd1 Nd7 30. Be4 Bxe4 31. Rxe4 Nf6 32. Red4 e5 33. Rd8 Qc7 34. Qd3 g6
35. Qd6 Rxd8 36. Qxd8+ Qxd8 37. Rxd8+ Kg7 38. Ra8 Ne4 39. Rxa6 Nc3 40. c5 Kf8
41. c6 Ke7 42. c7 Kd7 43. c8=Q+ 1-0

[Event "WY Boys-U16"]
[Site "Porto Carras GRE"]
[Date "2010.10.29"]
[Round "10.17"]
[White "Yashas, D."]
[Black "Kigel, Dmytro"]
[Result "0-1"]
[BlackTitle "FM"]
[WhiteElo "2241"]
[BlackElo "2131"]
[WhiteFideId "5030196"]
[BlackFideId "14117932"]
[EventDate "2010.10.20"]

1. e4 Nc6 2. Nf3 e5 3. Bb5 a6 4. Ba4 Nf6 5. Qe2 b5 6. Bb3 Bc5 7. O-O O-O 8. c3
d6 9. Rd1 Re8 10. d3 h6 11. h3 Bb7 12. Nbd2 d5 13. Nf1 Bf8 14. g4 Na5 15. Bc2 c5
16. g5 hxg5 17. Bxg5 Qb6 18. Ng3 c4 19. dxc4 Nxc4 20. b3 dxe4 21. Nxe4 Nxe4 22.
Bxe4 Nd6 23. Be3 Qc7 24. Bd5 Bxd5 25. Rxd5 Ne4 26. Rc1 Nxc3 27. Qd3 b4 28. Ng5
e4 29. Nxe4 Rxe4 30. Rxc3 bxc3 31. Qxe4 c2 32. Bc1 Qc6 33. Qd3 Re8 34. Kf1 Qe6
35. Kg2 Qe1 36. Qxc2 Re2 37. Qf5 Qxc1 38. Rd7 Qc6+ 39. Kf1 Re7 40. Rd5 Re6 41.
Qd3 Qc1+ 42. Qd1 Qf4 43. Rd7 Qe4 44. f3 Qh4 45. Rd5 Qxh3+ 46. Kf2 Qh2+ 47. Kf1
Qh1+ 48. Kf2 Bc5+ 0-1

[Event "WY Boys-U16"]
[Site "Porto Carras GRE"]
[Date "2010.10.29"]
[Round "10.18"]
[White "Berchtenbreiter, Maximilian"]
[Black "Makhmutov, Rail"]
[Result "0-1"]
[WhiteElo "2238"]
[BlackElo "2156"]
[WhiteFideId "24641120"]
[BlackFideId "4122151"]
[EventDate "2010.10.20"]

1. e4 c5 2. Nc3 d6 3. Nge2 Nf6 4. d4 cxd4 5. Nxd4 a6 6. Be3 e6 7. a4 Be7 8. Be2
Nc6 9. O-O O-O 10. Kh1 Bd7 11. f4 Rc8 12. Bf3 Qc7 13. Qe2 Rfd8 14. Qf2 Qb8 15.
Qg3 Bf8 16. Rad1 Be8 17. f5 Nxd4 18. Bxd4 e5 19. Bb6 Rxc3 20. bxc3 Rc8 21. a5
Rxc3 22. Rd3 Rxc2 23. Qh4 Bb5 24. Rdd1 Bxf1 25. Rxf1 Qc8 26. h3 Qc4 27. Re1 d5
28. Bd8 Nxe4 29. Bxe4 dxe4 30. f6 Rc1 31. Kh2 Rxe1 32. Qxe1 Qd4 33. Be7 e3 34.
Qc1 Qf4+ 35. Kg1 Qf2+ 36. Kh2 e2 37. fxg7 Bxe7 0-1

[Event "WY Boys-U16"]
[Site "Porto Carras GRE"]
[Date "2010.10.29"]
[Round "10.19"]
[White "Villalba, Marcelo"]
[Black "Nasanjargal, Urtnasan"]
[Result "1/2-1/2"]
[WhiteTitle "IM"]
[WhiteElo "2106"]
[BlackElo "2230"]
[WhiteFideId "3701859"]
[BlackFideId "4900774"]
[EventDate "2010.10.20"]

1. e4 c5 2. Nf3 d6 3. d4 cxd4 4. Nxd4 Nf6 5. Nc3 g6 6. Be3 Bg7 7. f3 O-O 8. Qd2
Nc6 9. Bc4 Bd7 10. O-O-O Rb8 11. h4 Na5 12. Bb3 b5 13. Kb1 Nc4 14. Bxc4 bxc4 15.
Ka1 Qb6 16. Rb1 Qa6 17. Bh6 Bxh6 18. Qxh6 Qa5 19. h5 Rb6 20. hxg6 fxg6 21. g4
Rf7 22. a3 e5 23. Nf5 d5 24. g5 Ne8 25. Nxd5 gxf5 26. Nxb6 Qxb6 27. g6 Rg7 28.
gxh7+ Kh8 29. Qxb6 axb6 30. exf5 Bxf5 31. Rbe1 Re7 32. Rh5 Ng7 33. Rh6 b5 34.
Rb6 Bd7 35. Rb7 Nf5 36. Rd1 Nd4 37. Ka2 c3 38. Rxd7 Rxd7 39. bxc3 Kxh7 40. cxd4
exd4 41. Rd3 Rc7 42. Kb2 Rc4 43. Rb3 Rc5 44. Rd3 Rc4 45. c3 dxc3+ 46. Rxc3 Rf4
47. Rc5 b4 48. a4 Rxf3 49. Rc4 Kg7 50. Rxb4 Kf7 51. a5 Ke7 52. a6 Rf8 53. Kb3
Kd7 54. Rh4 Kc7 55. Rh6 Kb8 56. Kc4 Ka7 57. Kc5 Rf5+ 58. Kb4 Rf1 1/2-1/2

[Event "WY Boys-U16"]
[Site "Porto Carras GRE"]
[Date "2010.10.30"]
[Round "11.1"]
[White "Sadzikowski, Daniel"]
[Black "Dragun, Kamil"]
[Result "1/2-1/2"]
[BlackTitle "FM"]
[WhiteElo "2351"]
[BlackElo "2392"]
[WhiteFideId "1132253"]
[BlackFideId "1134167"]
[EventDate "2010.10.20"]

1. e4 e5 2. Nf3 Nc6 3. Bb5 Nge7 4. O-O g6 5. c3 Bg7 6. d4 exd4 7. cxd4 d5 8.
exd5 Nxd5 9. Re1+ Be6 10. Bxc6+ bxc6 11. Bg5 Qd6 12. Nbd2 O-O 13. Ne4 Qb4 14.
Qc1 Rfe8 15. Qxc6 Qxb2 16. Reb1 Qa3 17. Rb3 Qf8 18. Nc5 Qd6 19. Qxd6 cxd6 20.
Nxe6 Rxe6 21. Rb7 h6 22. Bd2 Re7 23. Rab1 Rae8 24. Rxe7 Rxe7 25. Rb8+ Kh7 26.
Rd8 Nb6 27. Bb4 Re2 28. a3 Ra2 29. g3 Nc4 30. Bxd6 Nxd6 31. Rxd6 Rxa3 32. Kg2 a5
33. Ra6 1/2-1/2